América Media
Saved in:
| 主要作者: | |
|---|---|
| 格式: | 圖書 |
| 語言: | 西班牙语 |
| 出版: |
Barcelona
Ariel
1976
|
| 叢編: | Elcano. La Geografía y sus Problemas, 6
|
| 主題: | |
| 標簽: |
添加標簽
沒有標簽, 成為第一個標記此記錄!
|
MARC
| LEADER | 00000nam a2200000 a 4500 | ||
|---|---|---|---|
| 001 | UCU2064 | ||
| 003 | CL-VaPUC | ||
| 008 | 960419e19760000SP |||||||||||||||||spa|d | ||
| 082 | 0 | 4 | |a 917.72 |b LAS |2 21 |
| 100 | 0 | |a Lasserre, Guy |e author |9 357918 | |
| 245 | 1 | 0 | |a América Media |
| 300 | |a 430 p | ||
| 942 | |c BK | ||
| 945 | |d 19960419 00:00:00 |a paguirre | ||
| 260 | |a Barcelona |b Ariel |c 1976 | ||
| 650 | 0 | |a Geografía |9 259346 | |
| 650 | 0 | |a Topografía |9 260423 | |
| 650 | 0 | |a Clima |9 265281 | |
| 650 | 0 | |a Recursos naturales |9 255232 | |
| 650 | 0 | |a Poblaciones |9 338556 | |
| 650 | 7 | |a PAISES |2 CL-VaPUC |9 357801 | |
| 651 | 0 | |a México |9 255269 | |
| 651 | 0 | |a Antillas |9 323642 | |
| 651 | 7 | |a GUAYANAS |2 CL-VaPUC |9 357861 | |
| 651 | 0 | |a Guatemala |9 258335 | |
| 651 | 7 | |a BELICE |2 CL-VaPUC |9 357919 | |
| 651 | 7 | |a HONDURAS |2 CL-VaPUC |9 257740 | |
| 651 | 7 | |a EL SALVADOR |2 CL-VaPUC |9 257726 | |
| 651 | 7 | |a NICARAGUA |2 CL-VaPUC |9 255394 | |
| 651 | 0 | |a Costa Rica |9 225304 | |
| 651 | 7 | |a PANAMA |2 CL-VaPUC |9 257728 | |
| 651 | 7 | |a JAMAICA |2 CL-VaPUC |9 350605 | |
| 651 | 7 | |a PUERTO RICO |2 CL-VaPUC |9 254988 | |
| 583 | |a last modification |c 19960419 00:00:00 |k Rodrigo Vera | ||
| 490 | 0 | |a Elcano. La Geografía y sus Problemas, 6 | |
| 999 | |c 246461 |d 246459 | ||
| 952 | |0 0 |1 0 |4 0 |6 917_720000000000000_LAS_1976 |7 0 |8 A |9 261457 |a BIBING |b BIBING |d 2019-11-19 |i 2018713 |l 1 |o 917.72 LAS 1976 |p 2018713 |r 2025-01-20 |s 2024-04-11 |w 2019-11-19 |y BK |k GEO | ||